000 00771nam a2200241Ia 4500
003 OSt
005 20220923212848.0
006 a|||||r|||| 00| 0
007 ta
008 220922b |||||||| |||| 00| 0 hin d
024 _a156,374
037 _cTextual
040 _aARTS
_cARTS
_bhin
041 _2hin
_ahin
082 _aO152:gx, M72
100 _aमिश्र, शिवकुमार
245 0 _aआलोचना के प्रगतिशील आयाम
246 _aĀlochanā ke pragatishīl āyāma
260 _aजयपुर
_b पंचशील प्रकाशन
_c1987
300 _a144 पृ.
_ccm.
942 _hO152:gx, M72
_cTEXL
_2CC
999 _c311692
_d311692